| 000 | 00632nam a2200253Ia 4500 | ||
|---|---|---|---|
| 003 | OSt | ||
| 005 | 20221007082351.0 | ||
| 006 | a|||||r|||| 00| 0 | ||
| 007 | ta | ||
| 008 | 221006b |||||||| |||| 00| 0 eng d | ||
| 024 | _a10,551 | ||
| 037 | _cReference Collections | ||
| 040 |
_aFLL _cFLL _beng |
||
| 041 |
_2eng _aeng |
||
| 082 | _aX72.2.N54t, J5.2 | ||
| 110 | _aGovt of India | ||
| 245 | 0 | _aTaxation enquiry commission | |
| 260 | _c1950 | ||
| 300 |
_a446p _ccm. |
||
| 490 | _vVol. II | ||
| 700 | _aGovt of India | ||
| 942 |
_hX72.2.N54t, J5.2 _cREF _2CC |
||
| 999 |
_c1166200 _d1166200 |
||